| 000 | 00526nam a22001937a 4500 | ||
|---|---|---|---|
| 003 | OSt | ||
| 005 | 20180116183030.0 | ||
| 008 | 151217b xxu||||| |||| 00| 0 eng d | ||
| 020 | _a02-604-2014-2 | ||
| 024 | _202-604-2014-2 | ||
| 040 | _cLahore LUMS | ||
| 082 | _a174.4 LUM 2013 | ||
| 100 | _aNAQVI B | ||
| 245 |
_aTHE CASE OF MUNICIPAL BONDS IN PAKISTAN _cNAQVI B |
||
| 260 |
_aLahore LUMS _b174.4 LUM 2013 _c2013 |
||
| 300 |
_a23 p. _bPapers |
||
| 440 | _aTHE CASE OF MUNICIPAL BONDS IN PAKISTAN | ||
| 942 |
_2ddc _cCS |
||
| 999 |
_c350950 _d350950 |
||